| 000 | 00606nam a22002297a 4500 | ||
|---|---|---|---|
| 999 |
_c376213 _d376213 |
||
| 001 | 89939 | ||
| 003 | UA-OsUOA | ||
| 005 | 20200205211601.0 | ||
| 007 | ta | ||
| 008 | 20121112b un ||||| |||| 00| 0 ukr d | ||
| 040 |
_aUA-OsUOA _bukr _cUA-OsUOA _dUA-OsUOA |
||
| 041 | _aukr | ||
| 080 | _a821.161.2 | ||
| 090 |
_a821.161.2 _bК55 |
||
| 100 | _aКобилянська О. | ||
| 245 |
_aЗемля _bповість |
||
| 260 |
_aУжгород _bКарпати _c1975 |
||
| 300 | _a330 с. | ||
| 650 | 7 |
_a82 Література. Літературознавство _2UDC |
|
| 942 |
_cBK _2udc |
||
| 955 | _a3 | ||